LEADER 02325nam 2200397 450 001 9910812519503321 005 20230807203147.0 010 $a3-8325-9501-5 035 $a(CKB)4340000000244071 035 $a(MiAaPQ)EBC5231160 035 $a58a1c68b-a4bc-40ae-b93d-3edeb0dd2d03 035 $a(EXLCZ)994340000000244071 100 $a20180523d2015 uy 0 101 0 $aeng 135 $aurcnu|||||||| 181 $ctxt$2rdacontent 182 $cc$2rdamedia 183 $acr$2rdacarrier 200 12$aA general framework for robust analysis and control $ean integral quadratic constraint based approach /$fJoost Veenman 210 1$aBerlin :$cLogos Verlag Berlin,$d[2015] 210 4$dİ2015 215 $a1 online resource (275 pages) 300 $aPublicationDate: 20150420 311 $a3-8325-3963-8 330 $aLong description: In this thesis we are concerned with the robustness analysis and control of uncertain systems. We built upon a powerful framework, the so-called integral quadratic constraint (IQC) approach, which enables us, not only to efficiently perform robust stability and performance analysis for a large class of uncertain systems, but also to systematically design robust controllers via solving linear matrix inequalities (LMIs) and convex optimization problems. Indeed, as main contribution, we reveal that the IQC-framework is not only useful for analysis purposes, but also has great potential for a rather diverse class of synthesis questions, some of which have already been addressed in the literature, while others have not. This includes scenarios such as nominal output feedback control, nominal gain-scheduling control, robust estimator or observer design, robust feedforward control, generalized l2-synthesis, multi-objective and structured controller synthesis, robust open-loop controller synthesis, gain-scheduling control with uncertain performance weights and robust controller synthesis with unstable weight, among others. 606 $aRobust control 615 0$aRobust control. 676 $a629.8312 700 $aVeenman$b Joost$01721348 801 0$bMiAaPQ 801 1$bMiAaPQ 801 2$bMiAaPQ 906 $aBOOK 912 $a9910812519503321 996 $aA general framework for robust analysis and control$94120885 997 $aUNINA LEADER 01050nas 2200397 c 450 001 9910143672503321 005 20260218110213.0 035 $a(CKB)1000000000533015 035 $a(OCoLC)1184374849 035 $a(OCoLC)645237056 035 $a(DE-101)989935590 035 $a(DE-599)ZDB2443536-3 035 $a(DE-599)2443536-3 035 $a(EXLCZ)991000000000533015 100 $a20080808b18551864 |y | 101 0 $ager 135 $aur||||||||||| 181 $ctxt$2rdacontent 182 $cc$2rdamedia 183 $acr$2rdacarrier 200 00$aPilot$epolitisch-belletristisches Wochenblatt zur allgemeinen Auswanderungs-Zeitung 210 31$aRudolstadt$cHofbuchdr. Fro?bel$d1855-1864 215 $aOnline-Ressource 517 $aPilot, Der 517 1 $aWochenblatt 608 $aZeitschrift$2gnd-content 676 $a914.3 676 $a943 676 $a070 801 0$b8999 801 1$bDE-101 801 2$b9999 906 $aJOURNAL 912 $a9910143672503321 996 $aPilot$92267846 997 $aUNINA